|
|
|
|
| LEADER |
00000nam0a2200000 4500 |
| 001 |
360456 |
| 005 |
20231102011305.0 |
| 035 |
|
|
|a (RuTPU)RU\TPU\retro\17782
|
| 090 |
|
|
|a 360456
|
| 100 |
|
|
|a 20210407d1971 k y0rusy50 ca
|
| 101 |
0 |
|
|a rus
|
| 102 |
|
|
|a UZ
|
| 105 |
|
|
|a a z 001zy
|
| 200 |
1 |
|
|a Вопросы мелиоративной гидрогеологии аридной зоны СССР
|e сборник научных статей
|f Среднеазиатский научно-исследовательский институт геологии и минерального сырья
|
| 210 |
|
|
|a Ташкент
|c [Б. и.]
|d 1971
|
| 215 |
|
|
|a 150 с.
|c ил.
|
| 225 |
1 |
|
|a Труды института гидрогеологии и инженерной геологии
|
| 320 |
|
|
|a Библиография в конце статей
|
| 606 |
1 |
|
|a Мелиоративная гидрогеология
|2 stltpush
|3 (RuTPU)RU\TPU\subj\42031
|9 61791
|
| 610 |
1 |
|
|a СССР
|
| 610 |
1 |
|
|a аридные зоны
|
| 610 |
1 |
|
|a гидрогеолого-мелиоративное районирование
|
| 610 |
1 |
|
|a орошаемые территории
|
| 610 |
1 |
|
|a горизонтальные дренажи
|
| 675 |
|
|
|a 556.3
|v 4
|
| 712 |
0 |
2 |
|a Среднеазиатский научно-исследовательский институт геологии и минерального сырья
|c (Ташкент)
|c (1957-1994)
|2 stltpush
|3 (RuTPU)RU\TPU\col\10266
|9 24813
|
| 801 |
|
1 |
|a RU
|b 63413507
|c 20210407
|
| 801 |
|
2 |
|a RU
|b 63413507
|c 20210910
|g RCR
|
| 942 |
|
|
|c BK
|